Intro stats / (Record no. 30915)

MARC details
000 -LEADER
fixed length control field 01558cam a2200385 i 4500
001 - CONTROL NUMBER
control field 21873981
003 - CONTROL NUMBER IDENTIFIER
control field EG-ScBUE
005 - DATE AND TIME OF LATEST TRANSACTION
control field 20250224092303.0
008 - FIXED-LENGTH DATA ELEMENTS--GENERAL INFORMATION
fixed length control field 210121t2024 njua f 001 0 eng d
020 ## - INTERNATIONAL STANDARD BOOK NUMBER
International Standard Book Number 9781292470641
020 ## - INTERNATIONAL STANDARD BOOK NUMBER
International Standard Book Number 129247064X
040 ## - CATALOGING SOURCE
Original cataloging agency DLC
Language of cataloging eng
Description conventions rda
Transcribing agency DLC
Modifying agency DLC
-- EG-ScBUE
082 04 - DEWEY DECIMAL CLASSIFICATION NUMBER
Classification number 519.5
Edition number 22
Item number INT
245 10 - TITLE STATEMENT
Title Intro stats /
Statement of responsibility, etc Richard D. De Veaux, Paul F. Velleman, David E. Bock ; with contributions from Brianna Heggeseth, and Susan Wang.
250 ## - EDITION STATEMENT
Edition statement Sixth edition.
264 #1 - PUBLICATION, DISTRIBUTION, ETC. (IMPRINT)
Place of publication, distribution, etc Hoboken, NJ :
Name of publisher, distributor, etc Pearson,
Date of publication, distribution, etc [2024]
264 #4 - PUBLICATION, DISTRIBUTION, ETC. (IMPRINT)
Date of publication, distribution, etc c2024
300 ## - PHYSICAL DESCRIPTION
Extent xxvii, 739 pages :
Other physical details illustrations (some color) ;
Dimensions 28 cm
336 ## - CONTENT TYPE
Content type term text
Content type code txt
Source rdacontent
337 ## - MEDIA TYPE
Media type term unmediated
Media type code n
Source rdamedia
338 ## - CARRIER TYPE
Carrier type term volume
Carrier type code nc
Source rdacarrier
500 ## - GENERAL NOTE
General note Includes index.
500 ## - GENERAL NOTE
General note Includes Appendices.<br/>
520 ## - SUMMARY, ETC.
Summary, etc "An introduction to Statistics using the authors' signature tools for teaching about randomness, sampling distribution models, and interference"--
Assigning source Provided by publisher.
650 #0 - SUBJECT ADDED ENTRY--TOPICAL TERM
Topical term or geographic name as entry element Statistics
Form subdivision Textbooks.
700 1# - ADDED ENTRY--PERSONAL NAME
Personal name De Veaux, Richard D.,
Relator term author.
700 1# - ADDED ENTRY--PERSONAL NAME
Personal name Velleman, Paul F.,
Dates associated with a name 1949-
Relator term author.
700 1# - ADDED ENTRY--PERSONAL NAME
Personal name Bock, David E.,
Relator term author.
700 1# - ADDED ENTRY--PERSONAL NAME
Personal name Heggeseth, Brianna,
Relator term contributor.
700 1# - ADDED ENTRY--PERSONAL NAME
Personal name Wang, Susan,
Relator term contributor.
906 ## - LOCAL DATA ELEMENT F, LDF (RLIN)
a 7
b cbc
c orignew
d 1
e ecip
f 20
g y-gencatlg
942 ## - ADDED ENTRY ELEMENTS (KOHA)
Source of classification or shelving scheme Dewey Decimal Classification
Koha item type Book - Borrowing
Holdings
Withdrawn status Lost status Source of classification or shelving scheme Damaged status Not for loan Collection code Home library Current library Shelving location Date acquired Source of acquisition Cost, normal purchase price Serial Enumeration / chronology Total Checkouts Full call number Barcode Date last seen Cost, replacement price Price effective from Koha item type
    Dewey Decimal Classification     Alahram Central Library Central Library First floor 24/02/2025 Purchase 2399.00 151   519.5 INT 000057278 15/07/2025 2999.00 24/02/2025 Book - Borrowing